Capitales avec la lettre K - Statistiques

Statistiques générales
  • Ce quiz a été pris 205 fois
  • Le résultat moyen est 26 sur 34
Statistiques - réponses
Hint Réponse % Correct
K Tokyo
93%
K Katmandou
90%
K Kiev
89%
KK Reykjavik
86%
K Koweït
85%
K Kuala Lumpur
85%
K Kingston
84%
K Kingstown
84%
K Ankara
83%
K Kaboul
82%
K Kinshasa
82%
K Jakarta
81%
K Stockholm
80%
KK Bichkek
79%
K Pékin
79%
K Dakar
78%
K Helsinki
78%
KK Bangkok
77%
K Kigali
75%
K Minsk
74%
K Khartoum
73%
K Tachkent
73%
K Bakou
71%
K Nouakchott
71%
K Bamako
69%
K Windhoek
69%
K Kampala
68%
K Skopje
68%
K Yamoussoukro
68%
K Conakry
66%
K Lusaka
66%
K Sri Jayawardenapura Kotte
62%
K Palikir
56%
K Nuku'alofa
51%
Aucun quiz correspondant
Distribution des résultats
% des personnes avec chaque résultat
Percentile par nombre de réponses
Votre historique - résultats
Vous n’avez pas pris ce quiz